00568nam a2200205Ia 450000500170000000800410001702000150005808200130007324500500008626000300013630000110016665000150017765000100019265000110020265000110021370000220022494200060024695200950025299900150034720240902021032.0240331s9999 xx 000 0 und d a0415135745 bAPPa800 0aApproaching literaturebLiterature and gender aNew yorkbRoutledgec1996 axiv,  aLiterature aWomen aGender aPoetry aGoodman, L. eedt cL 001040708LaWERCLbWERCLcSSCd2024-03-31l0o 800 APPp5163r2024-03-31w2024-03-31yL c3089d3089